Five thousand years of arts and crafts in India and Pakistan: A survey (Record no. 167413)

MARC details
000 -LEADER
fixed length control field 00397nam a2200145Ia 4500
008 - FIXED-LENGTH DATA ELEMENTS--GENERAL INFORMATION
fixed length control field 230917s9999||||xx |||||||||||||| ||und||
040 ## - CATALOGING SOURCE
-- 201040
Original cataloging agency VIVEKANANDA LIBRARY
041 ## - Language
-- English
082 ## - DDC NUMBER
Classification number 709.54 S19F
100 ## - MAIN ENTRY--PERSONAL NAME
Personal name Shanti Swarup
245 #0 - TITLE STATEMENT
Title Five thousand years of arts and crafts in India and Pakistan: A survey
260 ## - PUBLICATION, DISTRIBUTION, ETC. (IMPRINT)
Place of publication, distribution, etc Bombay
Name of publisher, distributor, etc D B Taraporevala
Date of publication, distribution, etc 1968
300 ## - PHYSICAL DESCRIPTION
Pages 272 p.
942 ## - ADDED ENTRY ELEMENTS (KOHA)
Koha item type Books
Holdings
Withdrawn status Lost status Damaged status Not for loan Location (home branch) Sublocation or collection (holding branch) Date acquired Koha issues (times borrowed) Koha full call number Accession No. Koha date last seen Koha item type
        VIVEKANANDA LIBRARY VIVEKANANDA LIBRARY 20/07/2012   709.54 S19F 311083 17/09/2023 Books
© Designed and Maintained by Vivekananda Library, MDU Rohtak